Southville International School and Colleges
Your cart is empty.
  • Cart
  • Lists
    Public lists list_1 View all
    Your lists Log in to create your own lists
  • Log in to your account
  • Your cookies
  • Search history
Southville International School and Colleges
  • Advanced search
  • Recent comments
  • Most popular
  • Libraries

Log in to your account

Log in with GOOGLE


If you do not have an external account, but do have a local account, you can still log in:

  1. Home
  2. MARC view: The giver /
Normal view MARC view ISBD view

The giver / (Record no. 42311)

[ view plain ]
MARC details
000 -LEADER
fixed length control field 01030pam a2200289 a 4500
001 - CONTROL NUMBER
control field 1559450
003 - CONTROL NUMBER IDENTIFIER
control field OSt
005 - DATE AND TIME OF LATEST TRANSACTION
control field 20160331144902.0
008 - FIXED-LENGTH DATA ELEMENTS--GENERAL INFORMATION
fixed length control field 920403s1993 mau j 000 1 eng
010 ## - LIBRARY OF CONGRESS CONTROL NUMBER
LC control number 92015034
020 ## - INTERNATIONAL STANDARD BOOK NUMBER
International Standard Book Number 9780440237686
040 ## - CATALOGING SOURCE
Original cataloging agency DLC
Transcribing agency DLC
Modifying agency DLC
042 ## - AUTHENTICATION CODE
Authentication code lcac
050 00 - LIBRARY OF CONGRESS CALL NUMBER
Classification number PZ 7
Item number .L967 1993
100 1# - MAIN ENTRY--PERSONAL NAME
Personal name Lowry, Lois.
9 (RLIN) 3746
245 14 - TITLE STATEMENT
Title The giver /
Statement of responsibility, etc Lois Lowry.
260 ## - PUBLICATION, DISTRIBUTION, ETC. (IMPRINT)
Place of publication, distribution, etc Boston :
Name of publisher, distributor, etc Houghton Mifflin,
Date of publication, distribution, etc 1993.
300 ## - PHYSICAL DESCRIPTION
Extent 180 pages ;
Dimensions 22 cm.
562 ## - COPY AND VERSION IDENTIFICATION NOTE
Number of copies For circulation. Four copies available in the collection.
650 #1 - SUBJECT ADDED ENTRY--TOPICAL TERM
Topical term or geographic name as entry element Science fiction.
856 42 - ELECTRONIC LOCATION AND ACCESS
Materials specified Publisher description
Uniform Resource Identifier <a href="http://www.loc.gov/catdir/description/hm021/92015034.html">http://www.loc.gov/catdir/description/hm021/92015034.html</a>
856 42 - ELECTRONIC LOCATION AND ACCESS
Materials specified Contributor biographical information
Uniform Resource Identifier <a href="http://www.loc.gov/catdir/enhancements/fy0736/92015034-b.html">http://www.loc.gov/catdir/enhancements/fy0736/92015034-b.html</a>
906 ## - LOCAL DATA ELEMENT F, LDF (RLIN)
a 7
b cbc
c orignew
d 1
e ocip
f 19
g y-gencatlg
942 ## - ADDED ENTRY ELEMENTS (KOHA)
Source of classification or shelving scheme Library of Congress Classification
Koha item type Books
Holdings
Withdrawn status Lost status Source of classification or shelving scheme Damaged status Home library Current library Shelving location Date acquired Total Checkouts Total Renewals Full call number Barcode Date last seen Date checked out Copy number Price effective from Koha item type Source of acquisition Public note
    Library of Congress Classification   College Library College Library Fiction Section 03/31/2016     PZ 7 .L967 1993 C20524 04/24/2017     03/31/2016 Books Library Fund  
    Library of Congress Classification   College Library College Library General Circulation Section 03/15/2025     PZ 7 .L967 1993 C13259 03/15/2025     03/15/2025 Books Donation Replaced by Tomas, Chris (4/22/2019)
    Library of Congress Classification   Luxembourg Library Luxembourg Library Fiction Section 02/21/2014 10 34 PZ 7 .L9673 1993 19305 03/01/2019 02/04/2019 1 02/21/2014 Books    

The giver /

APA

Lowry L., . (1993). The giver. Boston: Houghton Mifflin.

Chicago

Lowry Lois, . 1993. The giver. Boston: Houghton Mifflin.

Harvard

Lowry L., . (1993). The giver. Boston: Houghton Mifflin.

MLA

Lowry Lois, . The giver. Boston: Houghton Mifflin. 1993.

  • Place hold
  • Print
  • Cite
  • Add to your cart (remove)
  • Save record
    BIBTEX Dublin Core MARCXML MARC (non-Unicode/MARC-8) MARC (Unicode/UTF-8) MARC (Unicode/UTF-8, Standard) MODS (XML) RIS
  • More searches
    Search for this title in:
    Other Libraries (WorldCat) Other Databases (Google Scholar) Online Stores (Bookfinder.com) Open Library (openlibrary.org)

Exporting to Dublin Core...

SOUTHVILLE LIBRARY

Southville International School and Colleges Library

1281 Tropical Ave. Cor. Luxembourg St., BF Homes International, Las Pinas City

Tel. No. 8256374 / 252358 Loc. 117/146

Powered by Koha